[Event "ch-NZL"]
[Site "Auckland NZL"]
[Date "2010.01.08"]
[Round "7"]
[White "Fuatai,F"]
[Black "Davis,J"]
[Result "0-1"]
[WhiteElo "2022"]
[BlackElo "1939"]

1.e4 d5 2.exd5 Qxd5 3.Nc3 Qd6 4.Nf3 Nf6 5.h3 g6 6.d4 Bg7 7.Be3 a6 8.Qd2 O-O
9.Bh6 Nc6 10.Bxg7 Kxg7 11.Be2 Rd8 12.O-O-O b5 13.h4 b4 14.Na4 Qd5 15.b3 Qa5
16.h5 Bf5 17.hxg6 Bxg6 18.Qh6+ Kg8 19.Nh4 Nxd4 20.Bc4 Nf5 21.Rxd8+ Rxd8 22.Qg5 Qe5
23.Nb2 Ne4 24.Nxg6 Qxb2+ 25.Kxb2 Nxg5 26.Ne5 a5 27.Rh5 h6 28.f4 Ng7 29.Rxh6 N5e6
30.g4 Rd4 31.f5 Ng5 32.Ng6 Ne8 33.Rh8+ Kg7 34.Rxe8 fxg6 35.Rxe7+ Kf6 36.Rxc7 gxf5
37.Rc6+ Kg7 38.gxf5 Ne4 39.Ra6 Nc3 40.a3 Rd1 41.axb4 axb4 42.Ra1 Rd4 43.Bd3 Rf4
44.Re1 Rh4 45.Re7+ Kf8 46.Rb7 Rg4 47.Bc4 Nd1+ 48.Kc1 Nc3 49.Kb2 Nd1+ 50.Ka1 Ne3
51.Bd3 Nd1 52.Kb1 Nc3+ 53.Kc1 Rg2 54.Rc7 Rg1+ 55.Kd2 Rd1+ 56.Ke3 Nd5+  0-1

[Event "XXXV Open"]
[Site "Seville ESP"]
[Date "2010.01.08"]
[Round "1"]
[White "Korneev,O"]
[Black "Munoz Jorva,M"]
[Result "1-0"]
[WhiteElo "2573"]
[BlackElo "1910"]

1.e4 d5 2.exd5 Qxd5 3.Nc3 Qd8 4.d4 c6 5.Nf3 Nf6 6.Bc4 Bf5 7.Ne5 e6 8.g4 Bg6
9.h4 Be4 10.Nxe4 Nxe4 11.Be3 Nd6 12.Bb3 Be7 13.h5 Nd7 14.Qd3 Nxe5 15.dxe5 Qa5+
16.c3 Qxe5 17.O-O-O O-O-O 18.Qd4 Qxd4 19.Bxd4 Nb5 20.Bxg7 Rxd1+ 21.Rxd1 Rg8
22.h6 Bf8 23.Bxf8 Rxf8 24.Bc2 f5 25.gxf5 exf5 26.Rg1 Nd6 27.Rg7 Ne4 28.Rxh7 Nxf2
29.Rg7 Ng4 30.h7 Nf6 31.Bxf5+ Kb8 32.Be6  1-0

[Event "Open"]
[Site "Prague CZE"]
[Date "2010.01.09"]
[Round "2"]
[White "Ivanov,Al3"]
[Black "Umanec,F"]
[Result "1-0"]
[WhiteElo "2405"]
[BlackElo "2200"]

1.e4 d5 2.exd5 Qxd5 3.Nc3 Qd6 4.d4 Nf6 5.Nf3 a6 6.g3 Bg4 7.Bg2 Nc6 8.O-O O-O-O
9.d5 Ne5 10.Nxe5 Bxd1 11.Nxf7 Bxc2 12.Nxd6+ exd6 13.Bh3+ Kb8 14.Re1 h6 15.b4 Re8
16.Be3 g5 17.b5 Bd3 18.a4 Bg7 19.Rad1 Bc4 20.Be6 Nh5 21.Bd4 Bb3 22.Rd2 Bxd4
23.Rxd4 Ng7 24.Rb1 Nxe6 25.dxe6 Bxe6 26.bxa6 b6 27.a5 Bf5 28.Rb2 Bh3 29.Rd1 Re6
30.axb6 Rhe8 31.a7+ Kb7 32.bxc7+ Kxc7 33.Nd5+ Kc6 34.Rc2+ Kb7 35.Rb1+  1-0

[Event "XXXV Open"]
[Site "Seville ESP"]
[Date "2010.01.09"]
[Round "2"]
[White "Starostits,I"]
[Black "Duran Cuevas,A"]
[Result "1-0"]
[WhiteElo "2471"]
[BlackElo "2039"]

1.e4 d5 2.exd5 Qxd5 3.Nc3 Qd6 4.d4 a6 5.g3 Nc6 6.d5 Ne5 7.Bg2 Bf5 8.Bf4 f6
9.Qe2 O-O-O 10.O-O-O Nh6 11.Nf3 Nhf7 12.Rhe1 Bg4 13.Nxe5 Bxe2 14.Nxf7 Qd7
15.Rxe2 Rg8 16.d6 exd6 17.Nxd8 Kxd8 18.Bxb7 g5 19.Bd2 Rg7 20.Bxa6 c6 21.Nd5 Qf5
22.Ba5+ Kd7 23.Nb6+ Kc7 24.Nc4+ Kd7 25.Rxd6+ Bxd6 26.Bc8+ Kxc8 27.Nxd6+  1-0

[Event "ch-AUS"]
[Site "Sydney AUS"]
[Date "2010.01.10"]
[Round "8"]
[White "Jones,G"]
[Black "Levi,Ed"]
[Result "1-0"]
[WhiteElo "2561"]
[BlackElo "2271"]

1.e4 d5 2.exd5 Qxd5 3.Nc3 Qd6 4.d4 Nf6 5.Nf3 c6 6.Ne5 Nbd7 7.Bf4 Nxe5 8.Bxe5 Qb4
9.a3 Qa5 10.Bc4 Bf5 11.Bxf6 exf6 12.Qe2+ Be7 13.O-O Rd8 14.d5 Qc7 15.dxc6 bxc6
16.Rfe1 Rd7 17.Rad1 Rxd1 18.Nxd1 h5 19.h3 Kf8 20.Ne3 Bc8 21.b4 Qe5 22.Nf1 Qxe2
23.Rxe2 h4 24.Nd2 Rh5 25.Nb3 Re5 26.Kf1 Ke8 27.c3 g5 28.Na5 Bd7 29.Rd2 Be6
30.Bxe6 Rxe6 31.a4 f5 32.Rd3 Bf6 33.c4 Re4 34.f3 Rf4 35.b5 cxb5 36.axb5 g4
37.Ke2 Bd4 38.Nc6 Bb6 39.c5 Bc7 40.Nxa7 Ra4 41.b6 Bf4 42.fxg4  1-0

[Event "XXXV Open"]
[Site "Seville ESP"]
[Date "2010.01.11"]
[Round "4"]
[White "Diogo,V"]
[Black "Fernandez Rodriguez,J"]
[Result "1-0"]
[WhiteElo "2303"]
[BlackElo "2030"]

1.e4 d5 2.exd5 Qxd5 3.Nc3 Qd6 4.d4 Nf6 5.Nb5 Qb6 6.c4 c6 7.Nc3 g6 8.Nf3 Bg7
9.Be2 O-O 10.O-O Nbd7 11.a3 Re8 12.Bf4 Nh5 13.Be3 Qc7 14.Re1 Nf4 15.Bf1 Nf8
16.Qd2 Nh5 17.h3 f5 18.Bh6 Be6 19.Rad1 Rad8 20.Bxg7 Nxg7 21.Ne5 Nd7 22.Qf4 Nxe5
23.Rxe5 Nh5 24.Qe3 f4 25.Qe2 Bf7 26.Qe4 Qd6 27.Be2 Ng7 28.d5 Qf6 29.Re1 g5
30.Bf3 Bg6 31.Qd4 b6 32.Ne4 Bxe4 33.Qxe4 cxd5 34.cxd5 a5 35.Be2 Rd6 36.Bb5 Red8
37.Bd3 Qh6 38.Rxe7 Rf8 39.Qf3 Qf6 40.R1e5 Rc8 41.Qg4 Rc1+ 42.Kh2 Rxd5 43.Rxg7+  1-0

[Event "4th SOP-SMAOK Open"]
[Site "Athens GRE"]
[Date "2010.01.12"]
[Round "1"]
[White "Zenelis,K"]
[Black "Karteri,O"]
[Result "1-0"]
[WhiteElo "2172"]
[BlackElo "1892"]

1.e4 d5 2.exd5 Qxd5 3.Nc3 Qd6 4.Bc4 Nf6 5.Nf3 a6 6.Qe2 e6 7.O-O Be7 8.d4 O-O
9.Ne4 Qd8 10.Nxf6+ Bxf6 11.c3 Nc6 12.Bf4 b5 13.Bd3 Bb7 14.Qe4 g6 15.Rad1 Qc8
16.Qe3 Ne7 17.Be5 Bxe5 18.Nxe5 Nf5 19.Qf4 f6 20.Ng4 c5 21.Bxf5 exf5 22.Ne3 cxd4
23.Rxd4 Rd8 24.Rfd1 Rxd4 25.Rxd4 Qc6 26.Rd6 Qc7 27.Qd4 f4 28.Ng4 Qe7 29.Nxf6+ Kf8
30.Nxh7+ Kg8 31.Nf6+ Kf8 32.h3 f3 33.Rd7 Qe1+ 34.Kh2 fxg2 35.Qd6+  1-0

[Event "Open"]
[Site "Prague CZE"]
[Date "2010.01.12"]
[Round "6"]
[White "Bejtovic,J"]
[Black "Umanec,F"]
[Result "1-0"]
[WhiteElo "2338"]
[BlackElo "2200"]

1.e4 d5 2.exd5 Qxd5 3.Nc3 Qd6 4.d4 Nf6 5.Nf3 a6 6.g3 Nc6 7.Bg2 Bg4 8.O-O O-O-O
9.h3 Bh5 10.g4 Bg6 11.Be3 h5 12.g5 Ng4 13.hxg4 hxg4 14.Ne5 Nxe5 15.dxe5 Qe6
16.Qe2 Qxe5 17.Qxg4+ e6 18.Qf4 Qa5 19.Qf3 Qb4 20.a3 Qxb2 21.Na4 Qb5 22.Nb6+  1-0

[Event "2nd Kirov Memorial Open"]
[Site "Blagoevgrad BUL"]
[Date "2010.01.14"]
[Round "6"]
[White "Daels,M"]
[Black "Panbukchian,V"]
[Result "1/2-1/2"]
[WhiteElo "2207"]
[BlackElo "2361"]

1.e4 d5 2.exd5 Qxd5 3.Nc3 Qd6 4.d4 Nf6 5.Nf3 a6 6.g3 Bg4 7.h3 Bh5 8.g4 Bg6
9.Ne5 Nc6 10.Nxg6 hxg6 11.d5 O-O-O 12.Bg2 Nb4 13.O-O Nbxd5 14.Nxd5 Nxd5 15.Qf3 Qf6
16.Qb3 e6 17.c4 Nb4 18.Be3 Qe5 19.Rfd1 Be7 20.f4 Qa5 21.a3 Nc6 22.Bxc6 bxc6
23.Rxd8+ Rxd8 24.Rd1 Rxd1+ 25.Qxd1 Bc5 26.Qc1 Qb6 27.Bxc5 Qxc5+ 28.Kg2 Qd4
29.c5 a5 30.Kf3 Qd5+ 31.Kf2 Qd3 32.Qc3 Qd5 33.Qxg7 Qxc5+ 34.Kf3 Qe7 35.Kg3 Kd7
36.h4 Ke8 37.h5 gxh5 38.gxh5 Qc5 39.h6  1/2-1/2

[Event "II Dunav-Drava-Sava"]
[Site "Borovo CRO"]
[Date "2010.01.14"]
[Round "8"]
[White "Majeric,Z"]
[Black "Savic,Mihaj"]
[Result "1/2-1/2"]
[WhiteElo "2250"]
[BlackElo "2230"]

1.e4 d5 2.exd5 Qxd5 3.Nc3 Qd6 4.Nf3 c6 5.d4 Nf6 6.Be2 g6 7.O-O Bg7 8.Re1 Be6
9.Bg5 O-O 10.Qd2 Nbd7 11.Bh6  1/2-1/2

[Event "ch-POL"]
[Site "Warsaw POL"]
[Date "2010.01.14"]
[Round "6"]
[White "Bulski,K"]
[Black "Stopa,Ja"]
[Result "1/2-1/2"]
[WhiteElo "2416"]
[BlackElo "2494"]

1.e4 d5 2.exd5 Qxd5 3.Nc3 Qd6 4.d4 Nf6 5.Nf3 c6 6.Ne5 Nbd7 7.Bf4 Nd5 8.Nxd5 Qxd5
9.Be2 Nxe5 10.Bxe5 Qxg2 11.Bf3 Qg6 12.Qe2 Qe6 13.d5 cxd5 14.O-O-O f6 15.Bxd5 Qxe5
16.Qc4 e6 17.Rhe1 exd5 18.Qb5+ Bd7 19.Qxb7 Rd8 20.f4 Qe7 21.Qxd5 g6 22.c4 h5
23.c5 Be6 24.Qc6+ Kf7 25.Rxd8 Qxd8 26.Qxe6+ Kg7 27.Rd1 Qa5 28.c6 Qc5+ 29.Kb1 Be7
30.Rd7 Re8 31.a3 Kf8 32.Ka2 a5 33.c7 h4 34.h3 a4 35.Ka1 Qc1+ 36.Ka2 Qc5 37.Ka1 Qc1+
38.Ka2 Qc5 39.Ka1  1/2-1/2

[Event "4NCL 2009-10"]
[Site "Hinckley Island ENG"]
[Date "2010.01.16"]
[Round "3"]
[White "Tidman,S"]
[Black "Grafl,F"]
[Result "0-1"]
[WhiteElo "2110"]
[BlackElo "2426"]

1.e4 d5 2.exd5 Qxd5 3.Nc3 Qd6 4.d4 Nf6 5.Nf3 a6 6.g3 Bg4 7.h3 Bh5 8.Bg2 Nc6
9.O-O O-O-O 10.Bf4 Qb4 11.a3 Qxb2 12.Qd3 Bxf3 13.Rfb1 Qxa1 14.Rxa1 Bxg2 15.Kxg2 Rxd4
16.Qe2 e6 17.Be3 Rd7 18.Na4 Nd5 19.Nc5 Nxe3+ 20.Qxe3 Rd5 21.Nd3 Be7 22.c4 Ra5
23.Qf3 Bf6 24.Ra2 Rd8 25.c5 Rd4 26.a4 h6 27.Ra3 Rdxa4 28.Rxa4 Rxa4 29.h4 Rd4
30.Nf4 Rd2 31.Qe3 Rc2 32.Nd3 a5 33.Qe4 Rc3 34.Qe3 Nb4  0-1

[Event "Corus A"]
[Site "Wijk aan Zee NED"]
[Date "2010.01.17"]
[Round "2"]
[White "Ivanchuk,V"]
[Black "Tiviakov,S"]
[Result "1/2-1/2"]
[WhiteElo "2749"]
[BlackElo "2662"]

1.e4 d5 2.exd5 Qxd5 3.Nc3 Qd6 4.d4 Nf6 5.Nf3 c6 6.Ne5 Nbd7 7.Bf4 Nd5 8.Nxd5 Qxd5
9.Nf3 Nb6 10.Be2 Bf5 11.c3 Qe4 12.Qd2 Qc2 13.Qxc2 Bxc2 14.Ne5 h5 15.O-O e6
16.Rfe1 Be7 17.h3 Rd8 18.g3 Bd6 19.Be3 Nd5 20.Bd2 h4 21.Rac1 Bh7 22.Bf3 hxg3
23.fxg3 O-O 24.Kg2 c5 25.a3 cxd4 26.cxd4 Rfe8 27.Nc4 Bc7 28.Ne3 Nxe3+ 29.Bxe3 Bb6
30.d5 e5 31.Bxb6 axb6 32.Red1 e4 33.Be2 e3 34.Bf3 Be4 35.Rd4 Bxf3+ 36.Kxf3 Rd6
37.Re1 Rf6+ 38.Rf4 Rd6 39.Rxe3 Rxe3+ 40.Kxe3 Rxd5 41.Rd4 Re5+ 42.Kd3 Rf5
43.Kc4 b5+ 44.Kb4 Rf3 45.Rg4 f6 46.Kxb5 Rb3+ 47.Rb4 Rxg3 48.h4 Rd3 49.a4 f5
50.Kb6 Rd7 51.a5 Rf7 52.Rf4 Kh7 53.b4 g5 54.hxg5 Kg6 55.b5 Kxg5 56.Rf1 f4
57.a6  1/2-1/2

[Event "4th SOP-SMAOK Open"]
[Site "Athens GRE"]
[Date "2010.01.19"]
[Round "2"]
[White "Galanos,D"]
[Black "Georgiopoulos,H"]
[Result "1-0"]
[WhiteElo "2173"]
[BlackElo "1872"]

1.e4 d5 2.exd5 Qxd5 3.Nc3 Qd6 4.d4 Nf6 5.Nf3 Bg4 6.h3 Bh5 7.g4 Bg6 8.Ne5 Nbd7
9.Nb5 Qb6 10.Nc4 Qe6+ 11.Be3 Nd5 12.Bg2 Kd8 13.Qf3 c6 14.Nba3 h5 15.Nd2 hxg4
16.hxg4 Rxh1+ 17.Bxh1 Nxe3 18.fxe3 Nf6 19.O-O-O Qxg4 20.Qf1 e6 21.Nac4 Qf5
22.Qxf5 Bxf5 23.Rg1 Nd7 24.e4 Bg6 25.c3 a5 26.Ne3 a4 27.Ng2 f6 28.Nf4 Bf7
29.Bf3 e5 30.Ng6 Bd6 31.d5 Bc5 32.Rg2 Be3 33.Nh8 Be8 34.Rxg7 cxd5 35.exd5 f5
36.Nf7+ Bxf7 37.Rxf7 f4 38.Bg4 Nb6 39.Kc2 Ra5 40.d6 Bxd2 41.Rf8+  1-0

[Event "4th SOP-SMAOK Open"]
[Site "Athens GRE"]
[Date "2010.01.19"]
[Round "2"]
[White "Petsetidi,M"]
[Black "Koerant,F"]
[Result "0-1"]
[WhiteElo "1948"]
[BlackElo "2061"]

1.e4 d5 2.exd5 Qxd5 3.Nc3 Qd6 4.d4 Nf6 5.Nf3 c6 6.Ne5 Nbd7 7.Bf4 Nd5 8.Bg3 Qb4
9.a3 Nxc3 10.axb4 Nxd1 11.Rxd1 Nxe5 12.dxe5 Bf5 13.c3 Rd8 14.b5 Rxd1+ 15.Kxd1 Bd7
16.bxc6 Bxc6 17.f3 Ba4+ 18.Kc1 g6 19.b3 Bxb3 20.Bb5+ Kd8 21.Kb2 Be6 22.Bf2 Bg7
23.f4 Kc7 24.Rd1 b6 25.Ra1 a5 26.Rd1 g5 27.g3 gxf4 28.gxf4 Bh6 29.Bg3 Rd8
30.Rxd8 Kxd8 31.Bd3 Bg4 32.Bxh7 e6 33.Bd3 Kd7 34.Kb3 Bd1+ 35.Ka3 Bf3 36.Bb5+ Bc6
37.Bd3 b5 38.f5 Bf8+ 39.Kb2 a4 40.c4 b4 41.Bc2 Bc5 42.h4 Bd4+ 43.Kb1 b3 44.fxe6+ Kxe6
45.h5 bxc2+ 46.Kxc2 Be4+ 47.Kd2 a3 48.Bf2 Bxf2  0-1

[Event "IMB1"]
[Site "Marianske Lazne CZE"]
[Date "2010.01.19"]
[Round "4"]
[White "Wieczorek,O"]
[Black "Novotny,M1"]
[Result "1-0"]
[WhiteElo "2310"]
[BlackElo "2292"]

1.e4 d5 2.exd5 Qxd5 3.Nc3 Qd6 4.d4 Nf6 5.Nf3 c6 6.Ne5 Be6 7.Bf4 Nd5 8.Nxd5 Qxd5
9.Be2 Nd7 10.O-O Nxe5 11.Bxe5 Qd7 12.c4 f6 13.Bg3 Rd8 14.Qc2 Qxd4 15.Rad1 Qb6
16.Qe4 Bf7 17.Bg4 e5 18.Bxe5 fxe5 19.Qxe5+ Be7 20.Rxd8+ Qxd8 21.Rd1 O-O 22.Rxd8 Bxd8
23.Be6 Re8 24.Bxf7+ Kxf7 25.Qf5+ Bf6 26.g3 g6 27.Qf4 Kg7 28.Kg2 Re7 29.Qd6 Kf7
30.b4 a6 31.f4 Re6 32.Qd3 Re8 33.Qd7+ Re7 34.Qc8 Bd4 35.Qd8 Bf6 36.Qd3 Re8
37.Kf3 Rd8 38.Qb3 Kg7 39.h3 Rd2 40.Qe3 Rd4 41.Qe6 Rd3+ 42.Ke4 Rd1 43.Qc8 Re1+
44.Kd3 Re7 45.a4 Bb2 46.b5 cxb5 47.cxb5 axb5 48.axb5 Bf6 49.Kc4 h6 50.Kd5 g5
51.Kd6 gxf4 52.gxf4 Rf7 53.Qg4+ Kf8 54.Qc8+ Kg7 55.b6 Bd4 56.Qg4+ Kf8 57.Qc8+ Kg7
58.Qg4+ Kf8 59.f5 Bxb6 60.Qg6 Be3 61.h4 Bf4+ 62.Kd5 b5 63.f6 b4 64.Ke6 Rb7
65.Qe4 Rb6+ 66.Kf5 Bd6 67.Kg6 b3 68.Qe6  1-0

[Event "Corus A"]
[Site "Wijk aan Zee NED"]
[Date "2010.01.24"]
[Round "8"]
[White "Caruana,F"]
[Black "Tiviakov,S"]
[Result "1-0"]
[WhiteElo "2675"]
[BlackElo "2662"]

1.e4 d5 2.exd5 Qxd5 3.Nc3 Qd6 4.d4 Nf6 5.Nf3 c6 6.g3 Bg4 7.Bg2 e6 8.O-O Be7
9.h3 Bxf3 10.Bxf3 O-O 11.Ne2 Nbd7 12.Bg2 e5 13.c3 Rad8 14.Qb3 Qc7 15.dxe5 Nxe5
16.Be3 Nfd7 17.Rad1 Nc5 18.Qc2 Nc4 19.Bf4 Bd6 20.Bg5 Be7 21.Bf4 Bd6 22.Bc1 Rfe8
23.b3 Nb6 24.Nd4 Ne6 25.Nxe6 Rxe6 26.Rfe1 Rxe1+ 27.Rxe1 Nd5 28.a3 Qc8 29.b4 Re8
30.Rxe8+ Qxe8 31.c4 Nc7 32.Qd3 Qe1+ 33.Kh2 Qe7 34.Bg5 Qe6 35.h4 g6 36.Qd4 a6
37.Bh3 f5 38.Qa7 Qc8 39.Qd4 Bf8 40.Bf6 Ne6 41.Qe5 Kf7 42.c5 Qc7 43.Qc3 Bg7
44.Bxg7 Nxg7 45.Bf1 f4 46.Bc4+ Ke8 47.g4 Qe7 48.Kg1 h5 49.Qd3 Qf6 50.g5 Qf5
51.Qd6 f3 52.Qb8+ Ke7 53.Qd6+ Ke8 54.Bd3 Qg4+ 55.Kf1 Qg2+ 56.Ke1 Qg1+ 57.Kd2 Qxf2+
58.Kd1 Qg1+ 59.Kc2 Qf2+ 60.Kb3 Qe3 61.Ka4 Qe7 62.Bxg6+ Kf8 63.Qb8+ Ne8 64.Qf4+ Kg8
65.Bxh5 Nc7 66.Bxf3 Nb5 67.g6 a5 68.h5 axb4 69.h6  1-0

[Event "ch-BUL S/F Men"]
[Site "Plovdiv BUL"]
[Date "2010.01.25"]
[Round "2"]
[White "Mishev,L"]
[Black "Milchev,N"]
[Result "1/2-1/2"]
[WhiteElo "2205"]
[BlackElo "2382"]

1.e4 d5 2.exd5 Qxd5 3.Nc3 Qd6 4.d4 Nf6 5.Bd3 c6 6.Nge2 g6 7.Bf4 Qd8 8.Qd2 Bg7
9.Bh6 O-O 10.f3 Qa5 11.h4 Na6 12.Bxg7 Kxg7 13.h5 Ng8 14.hxg6 fxg6 15.O-O-O Be6
16.Qe3 Bf7 17.Bxa6 bxa6 18.Qe5+ Qxe5 19.dxe5 h5 20.Na4 c5 21.Nxc5 Rfc8 22.Nb3 a5
23.Rd4 Rab8 24.Nc3 Nh6 25.Rd7 Nf5 26.g4 hxg4 27.fxg4 Ne3 28.Rxe7 Re8 29.Rxa7 Rxe5
30.Nxa5 Rc8 31.Rg1 Kg8 32.Nb3 Be6 33.Ra6 g5 34.Ra4 Kg7 35.Nd2 Rf8 36.Re4 Rxe4
37.Ncxe4 Kg6 38.Nc5 Bxg4 39.Rg3 Rh8 40.b4 Rh1+ 41.Kb2 Nd1+ 42.Kb3 Kf5 43.b5 Kf4
44.Rd3 Be2 45.Rd5 Rh6 46.Nd7 g4 47.b6 Ba6 48.Rd4+ Ke3 49.c3 g3 50.b7 Bxb7
51.Nf1+ Kf2 52.Nxg3 Nxc3 53.Kxc3 Kxg3 54.Nc5 Bc6 55.a4 Bxa4 56.Nxa4 Kf3 57.Nb2 Rc6+
58.Nc4 Rc8 59.Kd3 Ra8 60.Rd7 Rf8 61.Ne5+ Kf2 62.Rd4 Ra8 63.Rf4+ Kg3 64.Rf3+ Kg2
65.Rf5 Kg3 66.Ke3 Ra3+ 67.Nd3 Kg4 68.Re5 Rc3  1/2-1/2

[Event "ch-BUL S/F Men"]
[Site "Plovdiv BUL"]
[Date "2010.01.25"]
[Round "3"]
[White "Nikolov,J"]
[Black "Janchev,P"]
[Result "0-1"]
[WhiteElo "2090"]
[BlackElo "2215"]

1.e4 d5 2.exd5 Qxd5 3.Nc3 Qd6 4.d4 Nf6 5.Nf3 g6 6.Bc4 Bg7 7.O-O c6 8.h3 O-O
9.Re1 Nbd7 10.Qe2 Nb6 11.Bb3 Re8 12.Bg5 Nbd5 13.Ne4 Nxe4 14.Qxe4 Be6 15.Qh4 a5
16.c4 Nc7 17.Bf4 Qd7 18.Bxc7 Qxc7 19.Ng5 Bf5 20.c5 e6 21.Qxh7+ Kf8 22.Qh4 a4
23.Bc4 b5 24.Bf1 a3 25.b3 e5 26.Nh7+ Kg8 27.Nf6+ Bxf6 28.Qxf6 Re6 29.Qh4 exd4
30.Qxd4 Qa5 31.b4 Rd8 32.Qc3 Qa4 33.g4 Be4 34.Bg2 Rd3 35.Qc1 Qxb4 36.Rb1 Qd4
37.Qf4 Bxg2 38.Qb8+ Qd8 39.Qxd8+ Rxd8 40.Rxe6 fxe6 41.Kxg2 Rd2  0-1

[Event "ch-UKR b18"]
[Site "Kyiv UKR"]
[Date "2010.01.27"]
[Round "2"]
[White "Sivuk,V"]
[Black "Vorontsov,P"]
[Result "1-0"]
[WhiteElo "2346"]
[BlackElo "1935"]

1.e4 d5 2.exd5 Qxd5 3.Nc3 Qd6 4.d4 Nf6 5.Bc4 g6 6.Nge2 c6 7.Bf4 Qd8 8.Qd2 Bg7
9.Bh6 O-O 10.h4 b5 11.Bb3 e6 12.h5 b4 13.Na4 Ne4 14.Qe3 Bxh6 15.Qxh6 g5 16.Nc5 Qf6
17.Qxf6 Nxf6 18.a3 bxa3 19.Rxa3 Nbd7 20.Nxd7 Bxd7 21.h6 a5 22.Kd2 c5 23.Rha1 Bc6
24.f3 g4 25.Ke3 gxf3 26.gxf3 Nd7 27.Rxa5 Rxa5 28.Rxa5 Ra8 29.Rxa8+ Bxa8 30.c3 e5
31.dxc5 Nxc5 32.Bc2 f6 33.b4 Ne6 34.Be4  1-0

[Event "8th Gibtelecom Masters"]
[Site "Caleta ENG"]
[Date "2010.01.28"]
[Round "3"]
[White "Lochte,S"]
[Black "Kantans,T"]
[Result "0-1"]
[WhiteElo "2032"]
[BlackElo "2304"]

1.e4 d5 2.exd5 Qxd5 3.Nc3 Qd6 4.d4 Nf6 5.Nf3 a6 6.Bc4 Bg4 7.h3 Bh5 8.g4 Bg6
9.Be3 Nc6 10.Qe2 e6 11.O-O-O O-O-O 12.d5 exd5 13.Nxd5 Nxd5 14.Rxd5 Qb4 15.Rxd8+ Nxd8
16.Ne5 Bd6 17.Nxg6 hxg6 18.Bd4 b5 19.Bxg7 Rg8 20.Bxf7 Qf4+  0-1

[Event "ch-BUL S/F Men"]
[Site "Plovdiv BUL"]
[Date "2010.01.28"]
[Round "7"]
[White "Janev,E"]
[Black "Milchev,N"]
[Result "1/2-1/2"]
[WhiteElo "2461"]
[BlackElo "2382"]

1.e4 d5 2.exd5 Qxd5 3.Nc3 Qd6 4.d4 Nf6 5.Nf3 a6 6.Bd3 Bg4 7.h3 Bh5 8.O-O Nc6
9.Ne4 Nxe4 10.Bxe4 O-O-O 11.c3 e6 12.Re1 f6 13.Qb3 Bf7 14.c4 Qb4 15.Bxc6 bxc6
16.Qd3 c5 17.Bd2 Qb7 18.Qc3 cxd4 19.Nxd4 e5 20.Nb3 Bg6 21.Re3 Be7 22.c5 Rd5
23.Na5 Qa8 24.b4 Rhd8 25.Be1 Kd7 26.Qb3 Ke8 27.Bc3 Kf8 28.Rae1 Rd3 29.Qc4 Qd5
30.Qxd5 R8xd5  1/2-1/2

[Event "8th Gibtelecom Masters"]
[Site "Caleta ENG"]
[Date "2010.01.29"]
[Round "4"]
[White "Schuetze,N"]
[Black "Ogada Osir,I"]
[Result "0-1"]
[WhiteElo "2269"]
[BlackElo "2104"]

1.e4 d5 2.exd5 Qxd5 3.Nc3 Qd6 4.d4 Nf6 5.Nf3 Bg4 6.h3 Bxf3 7.Qxf3 Nc6 8.Nb5 Qe6+
9.Be3 O-O-O 10.Bd3 Kb8 11.Qg3 Rd7 12.O-O a6 13.a4 Nb4 14.Nc3 Nxd3 15.cxd3 Qd6
16.Qf3 e6 17.Ne4 Qd5 18.Rac1 Be7 19.Rc2 Qf5 20.Qg3 Nxe4 21.dxe4 Qxe4 22.Rfc1 Bd6
23.Qxg7 Rdd8 24.Qg4 Qd5 25.Qe2 Rhg8 26.f3 Rg6 27.Kf1 Rdg8 28.Qd3 Qh5 29.b4 f5
30.b5 f4 31.bxa6 fxe3 32.Rb1 Rxg2 33.Rxb7+ Kc8 34.Rxg2 Qxf3+ 35.Ke1 Rxg2
36.Rb8+ Kxb8 37.Qb5+ Ka7 38.Qb7+ Qxb7  0-1

[Event "2nd Chennai Open"]
[Site "Chennai IND"]
[Date "2010.01.30"]
[Round "7"]
[White "Yashas,D"]
[Black "Murali Krishnan,B"]
[Result "1/2-1/2"]
[WhiteElo "2193"]
[BlackElo "2385"]

1.e4 d5 2.exd5 Qxd5 3.Nc3 Qd6 4.Bc4 Nf6 5.d4 c6 6.Nge2 Bf5 7.Bf4 Qd8 8.d5 b5
9.Bb3 a6 10.Nd4 Bd7 11.Bxb8 Qxb8 12.Nxc6 Qd6 13.Qf3 g6 14.O-O Bg7 15.Rfe1 Bxc6
16.dxc6 O-O 17.Rad1 Qc7 18.Nd5 Nxd5 19.Rxd5 Qxc6 20.Rxe7 Rae8 21.Rxe8 Qxe8
22.g3 Bxb2 23.Qe3 Qc6 24.Qe7 Kg7 25.Rd8 Rxd8 26.Qxd8 Qf3 27.Qd5 Qf6 28.Kg2 h6
29.Qf3 Qxf3+  1/2-1/2

[Event "Corus A"]
[Site "Wijk aan Zee NED"]
[Date "2010.01.30"]
[Round "12"]
[White "Dominguez Perez,L"]
[Black "Ivanchuk,V"]
[Result "1/2-1/2"]
[WhiteElo "2712"]
[BlackElo "2749"]

1.e4 d5 2.exd5 Qxd5 3.Nc3 Qd6 4.d4 Nf6 5.Nf3 c6 6.Ne5 Nbd7 7.Nc4 Qc7 8.d5 g6
9.Qd4 Bg7 10.Bf4 Qd8 11.dxc6 bxc6 12.O-O-O O-O 13.Qd2 Bb7 14.Bh6 Qc7 15.Bxg7 Kxg7
16.Qe3 Nb6 17.Qe5 Rac8 18.Re1 Rfe8 19.f3 Qxe5 20.Rxe5 Nbd5 21.Nd1 Rc7 22.Na5 Bc8
23.a3 h5 24.g3 Bf5 25.c4 Nb6 26.Nc3 Nbd7 27.Re3 e5 28.Bg2 Nd5 29.cxd5 cxd5
30.Kd1 Rec8 31.Ree1 d4 32.Ne4 Rc1+ 33.Ke2 R1c2+ 34.Kf1 Rxb2 35.Re2 Rcc2 36.Rxc2 Rxc2
37.Nb3 Bxe4 38.fxe4 Nb6 39.Bf3 d3 40.Bd1 Ra2 41.Nc5 Rxa3 42.Ke1 Nc4 43.Rf1 Rc3
44.Na4 d2+ 45.Kf2 Ra3 46.Nc5 Ne3 47.Rg1 Rc3 48.Na4 Nxd1+ 49.Rxd1 Rc4 50.Nb2 Rxe4
51.Rxd2 h4 52.Nd3 hxg3+ 53.hxg3 Rd4 54.Ke3 Rg4 55.Kf3 Rd4 56.Ke3  1/2-1/2

[Event "ch-ROU m"]
[Site "Baile Olanesti ROU"]
[Date "2010.01.31"]
[Round "1"]
[White "Moldovan,D"]
[Black "Ciubotariu,M"]
[Result "1-0"]
[WhiteElo "2443"]
[BlackElo "1918"]

1.e4 d5 2.exd5 Qxd5 3.Nc3 Qd6 4.d4 Nf6 5.Nf3 a6 6.g3 Bg4 7.h3 Bh5 8.Bf4 Qe6+
9.Be3 Nd5 10.Nxd5 Qxd5 11.Bg2 c6 12.O-O e6 13.g4 Bg6 14.Ne5 Qd8 15.f4 f6
16.Nxg6 hxg6 17.Qd3 Kf7 18.Qb3 Qd7 19.f5 gxf5 20.gxf5 Be7 21.fxe6+ Qxe6 22.d5 Qd6
23.dxc6+  1-0

[Event "ch-ROU m"]
[Site "Baile Olanesti ROU"]
[Date "2010.01.31"]
[Round "1"]
[White "Gheorghiu,C"]
[Black "Spulber,C"]
[Result "0-1"]
[WhiteElo "1887"]
[BlackElo "2312"]

1.e4 d5 2.exd5 Qxd5 3.Nc3 Qd6 4.d4 Nf6 5.Nf3 Bg4 6.Bd3 c6 7.Be3 e6 8.Qd2 Bxf3
9.gxf3 Nbd7 10.Ne4 Qc7 11.c3 Nd5 12.O-O-O h6 13.f4 O-O-O 14.c4 N5f6 15.Nc3 g6
16.Qc2 Bd6 17.Qa4 a6 18.b4 Bxf4 19.Kb2 Bxe3 20.fxe3 Ng4 21.b5 Nb6 22.Qb4 a5
23.Qb3 Nxe3 24.c5 Nxd1+ 25.Rxd1 Nd5 26.Ne4 Nb4 27.bxc6 Nxc6 28.Nd6+ Rxd6
29.cxd6 Qxd6 30.Bc4 Qb4  0-1

[Event "2nd Chennai Open"]
[Site "Chennai IND"]
[Date "2010.01.31"]
[Round "8"]
[White "Deshmukh,A"]
[Black "Palit,S"]
[Result "0-1"]
[WhiteElo "2271"]
[BlackElo "2386"]

1.e4 d5 2.exd5 Qxd5 3.Nc3 Qd6 4.d4 Nf6 5.h3 c6 6.Nf3 Bf5 7.Bc4 Nbd7 8.Qe2 e6
9.O-O Be7 10.Rd1 O-O 11.Bb3 Rad8 12.Bg5 Rfe8 13.Ne5 Nd5 14.Nc4 Nxc3 15.bxc3 Qc7
16.Bxe7 Rxe7 17.Ne3 Bg6 18.c4 Nf6 19.c5 Red7 20.c3 e5 21.Ng4 exd4 22.cxd4 Rxd4
23.Rxd4 Rxd4 24.Nxf6+ gxf6 25.Qe8+ Kg7 26.Re1 Rd7 27.Qa8 Qa5 28.Qe8 Qd8 29.Qxd8 Rxd8
30.Re7 Rb8 31.g4 Kf8 32.Rd7 Ke8 33.Rd6 f5 34.f4 Rd8 35.Rxd8+ Kxd8 36.g5 Ke7
37.a3 f6 38.h4 fxg5 39.hxg5 Bf7 40.Bc2 Be6 41.Kf2 b6 42.cxb6 axb6 43.Ke3 c5
44.Kd3 Kf7 45.Kc3 Kg6 46.Bd1 Bd5 47.Be2 h6 48.gxh6 Kxh6 49.Bd3 Kg6 50.Be2 Kf6
51.Ba6 Ke7 52.Bc8 Be4 53.Kc4 Kd6 54.Ba6 Kc7 55.Kc3 Kc6 56.Kc4 Bd5+ 57.Kc3 Kd6
58.Bd3 Be4 59.Bb5 Bc6 60.Bd3 Bd7 61.Be2 b5 62.Bf3 Kc7 63.Bd1 Kb6 64.Bc2 Be6
65.Bb1 Ka5 66.Bc2 Ka6 67.Bd3 Kb6 68.Bb1 Kc6 69.Bd3 Bd7 70.Be2 Bc8 71.Bf1 Kb6
72.Bd3 Ka5 73.Bc2 Bd7 74.Bb3 Kb6 75.Bc2 Be6 76.Bd3 Kc6 77.Bc2 Kd5 78.Bb3+ Kd6
79.Bc2 Bd7 80.Bd3 Kd5 81.Bc2 Bc8 82.Bd3 Kc6 83.Bc2 Kb6 84.Bd1 Bb7 85.Bb3 Be4
86.Bd1 Ka5 87.Bb3 Bb1 88.Bd1 c4 89.Bf3 Ka4 90.Bc6 Bd3 91.Bd7 Be4 92.Be8 Bd5
93.Bd7 Bf7 94.Kb2 Bg6 95.Kc3 Bh5 96.Kb2 Bg4 97.Be6 c3+ 98.Kxc3 Kxa3 99.Kc2 b4
100.Kb1 Bh3 101.Kc2 Bg4 102.Kb1 b3 103.Bd7 Bh3 104.Be6 Bg4 105.Bd7 b2 106.Be6 Bd1
107.Bc4 Bf3  0-1

[Event "2nd Chennai Open"]
[Site "Chennai IND"]
[Date "2010.01.31"]
[Round "8"]
[White "Deepan,C"]
[Black "Siddharth,R"]
[Result "1/2-1/2"]
[WhiteElo "2492"]
[BlackElo "2424"]

1.e4 d5 2.exd5 Qxd5 3.Nc3 Qd6 4.d4 Nf6 5.Nf3 a6 6.g3 Bg4 7.Bg2 e6 8.h3 Bxf3
9.Qxf3 c6 10.Be3 Be7 11.O-O O-O 12.Ne4 Nxe4 13.Qxe4 Nd7 14.c4 Rac8 15.Rfd1 Nf6
16.Qc2 Rfd8 17.a4 b5 18.Rac1 Qd7 19.Qb3 bxc4 20.Qxc4 Nd5 21.Bd2 Qa7 22.Ba5 Rf8
23.Bf1 c5 24.Be1 Qb8 25.Qxa6 cxd4 26.Rxc8 Rxc8 27.Qb5 Qa7 28.Qa6 Qb8 29.Qb5 Qa7
30.Qa6 Qb8  1/2-1/2

[Event "ch-UKR g18"]
[Site "Kyiv UKR"]
[Date "2010.01.31"]
[Round "8"]
[White "Feduk,Ir"]
[Black "Osmak,Iulija"]
[Result "0-1"]
[WhiteElo "1806"]
[BlackElo "1876"]

1.e4 d5 2.exd5 Qxd5 3.Nc3 Qd6 4.d4 Nf6 5.Bg5 a6 6.Qd2 Bf5 7.O-O-O Nc6 8.a3 O-O-O
9.Nge2 e6 10.f3 Be7 11.g4 Bg6 12.h4 h5 13.Bf4 Qd7 14.g5 Nd5 15.Bg3 Na5 16.Nf4 Nxf4
17.Bxf4 Qc6 18.Rh3 Rd7 19.Be3 Bf5 20.Rg3 Rhd8 21.Bd3 Rxd4 22.Bxd4 Rxd4 23.Qe1 Bd6
24.Rg1 Bxd3 25.Rxd3 Rxd3 26.cxd3 Qxf3 27.Kc2 Nc6 28.Ne2 Ne5 29.Qd2 Qf2 30.Rd1 Nf3
31.Qc3 Qxe2+ 32.Kc1 Bf4+  0-1

[Event "ch-ROU m"]
[Site "Baile Olanesti ROU"]
[Date "2010.02.01"]
[Round "2"]
[White "Pessi,E"]
[Black "Szabo,G ROM"]
[Result "0-1"]
[WhiteElo "2224"]
[BlackElo "2541"]

1.e4 d5 2.exd5 Qxd5 3.Nc3 Qd8 4.d4 Nf6 5.Bc4 a6 6.Nf3 b5 7.Bb3 c5 8.dxc5 Qxd1+
9.Nxd1 e6 10.a4 b4 11.O-O Ne4 12.Re1 Bb7 13.c3 Nxc5 14.Bc4 Nc6 15.Bg5 Rc8
16.Ne3 bxc3 17.bxc3 Na5 18.Bd5 exd5 19.Nc4+ Ne4 20.Nxa5 Ba8 21.c4 Bb4 22.Bd2 Be7
23.cxd5 Bxd5 24.Rab1 O-O 25.Be3 Bd8 26.Bb6 Nc3 27.Rb4 Rb8 28.Bxd8 Rxb4 29.Be7 Rxa4
30.Bxf8 Kxf8 31.Ne5 f6 32.Nec6 Ne2+ 33.Kf1 Nf4 34.f3 Ra2 35.Rb1 Nxg2 36.Rb8+ Kf7
37.Rb7+ Ke6 38.Rxg7 Ne3+ 39.Kg1 Kd6  0-1